Name an Album from these Artists - Statistics

General Stats
  • This quiz has been taken 55 times
  • The average score is 9 of 15
Answer Stats
Hint Answer % Correct
Michael Jackson Got to Be There / Ben / Music & Me / Forever, Michael / Off the Wall / Thriller / Bad / Dangerous / HIStory: Past, Present and Future, Book I / Invincible / King of Pop
94%
The Beatles Please Please Me / With the Beatles / Meet the Beatles! / A Hard Day's Night / Something New / Beatles for Sale / Help! / Rubber Soul / Yesterday and Today / Revolver / Sgt. Pepper's Lonely Hearts Club Band / Yesterday and Today / The White Album / Yellow Submarine / Abbey Road / Let It Be
86%
Adele 19 / 21 / 25 / 30
84%
Eminem Infinite / The Slim Shady LP / The Marshall Mathers LP / The Eminem Show / Encore / Relapse / Recovery / The Marshall Mathers LP 2 / Revival / Kamikaze / Music to Be Murdered By / The Death of Slim Shady (Coup de Grâce) / Curtain Call
82%
Nirvana Bleach / Nevermind / In Utero / From the Muddy Banks of the Wishkah / Live at Reading
78%
Ed Sheeran Plus / × / Multiply / Divide / No.6 Collaborations Project / Equals / Subtract / Autumn Variations
74%
Beyoncé Dangerously in Love / B'Day / I Am... Sasha Fierce / 4 / Beyoncé / Lemonade / Renaissance / Cowboy Carter
60%
Spice Girls Spice / Spiceworld / Forever
60%
Coldplay Parachutes / A Rush of Blood to the Head / X&Y / Viva la Vida or Death and All His Friends / Mylo Xyloto / Ghost Stories / A Head Full of Dreams / Everyday Life / Music of the Spheres / Moon Music
56%
Lady Gaga The Fame / Born This Way / Artpop / Joanne / Chromatica
54%
Katy Perry Katy Hudson / One of the Boys / Teenage Dream / Prism / Witness / Smile / 143
52%
Rihanna Music of the Sun / A Girl like Me / Good Girl Gone Bad / Rated R / Loud / Talk That Talk / Unapologetic / Anti
52%
Maroon 5 The Fourth World / Songs About Jane / It Won't Be Soon Before Long / Hands All Over / Overexposed / V / Red Pill Blues / Jordi
48%
Snoop Dogg Doggystyle / Tha Doggfather / Da Game Is to Be Sold, Not to Be Told / No Limit Top Dogg / Tha Last Meal / Paid tha Cost to Be da Boss / Rhythm & Gangsta / Tha Blue Carpet Treatment / Ego Trippin' / Malice n Wonderland / Doggumentary / Reincarnated / Bush / Coolaid / Neva Left / Bible of Love / I Wanna Thank Me / From tha Streets 2 tha Suites / BODR
36%
P!nk Can't Take Me Home / Missundaztood / Try This / I'm Not Dead / Funhouse / The Truth About Love / Beautiful Trauma / Hurts 2B Human / Trustfall / Rose Ave.
14%
No matching quizzes found
Score Distribution
Percent of People with Each Score
Percentile by Number Answered
Your Score History
You have not taken this quiz